| 000 | 00936nam a22002297a 4500 | ||
|---|---|---|---|
| 003 | OSt | ||
| 005 | 20250909144438.0 | ||
| 008 | 231018b ||||| |||| 00| 0 eng d | ||
| 040 | _c0 | ||
| 082 | _aDPer 658.8005 J826 Winter-Fall 2020 v. 28 n. 1-4 | ||
| 100 |
_aRisher, Jeffrey J. _eauthor. _949727 |
||
| 245 |
_aLast mile non-delivery : _bconsumer investment in last mile infrastructure / _cJeffrey J. Risher, Dana E. Harrison, and Stephen A. LeMay. |
||
| 260 |
_aPhiladelphia ; _bTaylor & Francis Group , _cFall 2020. |
||
| 300 |
_aVolume 28, pages 484-496 : _billustration ; _c28 cm. |
||
| 500 | _aJournal of Marketing Theory and Practice, vol. 28, no. 4, pages 484-496, Fall 2020. | ||
| 650 | 0 |
_aConsumers. _913473 |
|
| 650 |
_aEconomic development. _949728 |
||
| 700 |
_aRisher, Jeffrey J. _eauthor. _949727 |
||
| 700 |
_aHarrison, Dana E. _eauthor. _949729 |
||
| 700 |
_aLeMay, Stephen A. _eauthor. _949730 |
||
| 942 |
_2ddc _cPER |
||
| 999 |
_c18366 _d18366 |
||